01482nam a2200373 i 450000100060000000300080000600500170001400600190003100700150005000800410006502000280010602000290013403500220016304000310018505000220021608000260023808200150026410000410027924000360032024501140035626400290047030000660049933600310056533700330059633800430062958800830067259001620075565000280091765500270094570000380097279700180101085600630102899900170109173492FINmELB20241217143456.0m o u cr cn|||||||||220829s2021 sp a 000 0 spa  a9788441544208q(e-book) z9788441544123q(impreso) a(OCoLC)1345546660 aFINmELBbspaerdacFINmELB 4aTX773b.M378 2021 a641.56-056.84(083.12)04a641.865231 aMartínez, Cristina,d1985-eautor.10aDelantal de Alces.kSelección10aRepostería vegana :bdeliciosas recetas para disfrutar /c[textos, Cristina Martínez y Lluís Cortés]. 1aMadrid :bOberon,c2021. a1 recurso en línea (196 páginas) :bilustraciones (color) atextobtxt2rdacontent/spa acomputadorabc2rdamedia/spa arecurso en líneabcr2rdacarrier/spa aDescripción basada en metadatos suministrados por el editor y otras fuentes. aRecurso electrónico. Santa Fe, Arg.: elibro, 2022. Disponible vía World Wide Web. El acceso puede estar limitado para las bibliotecas afiliadas a elibro. 4aCocina veganavRecetas. 4aLibros electrónicos.1 aCortés, Lluís,d1983-eautor.2 aelibro, Corp.40uhttps://elibro.net/ereader/politecnicointernacional/215495 c73492d73492